[Event "Karpos Open 2013"]
[Site "Skopje MKD"]
[Date "2013.03.12"]
[Round "5.8"]
[White "Kovacevic, Aleksandar"]
[Black "Lupulescu, Constantin"]
[Result "0-1"]
[WhiteTitle "GM"]
[BlackTitle "GM"]
[WhiteElo "2563"]
[BlackElo "2614"]
[WhiteFideId "903124"]
[BlackFideId "1207822"]
[EventDate "2013.03.09"]

1. e4 c6 2. d4 d5 3. e5 Bf5 4. h4 h6 5. g4 Bd7 6. c4 Qc8 7. f3 h5 8. g5 Bf5 9.
Nc3 e6 10. Be3 Bb4 11. Qb3 Bxc3+ 12. bxc3 Ne7 13. a4 c5 14. a5 Nbc6 15. Qb5 cxd4
16. cxd4 O-O 17. c5 b6 18. a6 Rb8 19. Rc1 Qd7 20. cxb6 Rxb6 21. Qa4 Rfb8 22. Qd1
Rb2 23. Be2 R8b3 0-1

[Event "Karpos Open 2013"]
[Site "Skopje MKD"]
[Date "2013.03.12"]
[Round "5.9"]
[White "Mastrovasilis, Dimitrios"]
[Black "Hamitevici, Vladimir"]
[Result "1/2-1/2"]
[WhiteTitle "GM"]
[BlackTitle "IM"]
[WhiteElo "2614"]
[BlackElo "2444"]
[WhiteFideId "4202694"]
[BlackFideId "13902393"]
[EventDate "2013.03.09"]

1. e4 c6 2. Nf3 d5 3. Nc3 a6 4. d4 Bg4 5. h3 Bh5 6. Bd3 e6 7. Bd2 Nf6 8. e5 Nfd7
9. g4 Bg6 10. Bxg6 hxg6 11. Ne2 c5 12. c3 Nc6 13. Kf1 Qb6 14. Rb1 Be7 15. Kg2 a5
16. Be3 Qa6 17. Nf4 cxd4 18. cxd4 Nb6 19. b3 a4 20. h4 a3 21. Rc1 Rc8 22. Nd3
Nb4 23. Nxb4 Bxb4 24. Bd2 Be7 25. Bg5 Bb4 26. Rxc8+ Nxc8 27. Qc2 Kd7 28. Rc1 Qb6
29. Bd2 Be7 30. Bg5 Bb4 31. Bd2 Be7 32. Qd3 Na7 33. Bg5 Bb4 34. Bd2 Be7 35. Bg5
Bb4 1/2-1/2

[Event "Karpos Open 2013"]
[Site "Skopje MKD"]
[Date "2013.03.12"]
[Round "5.10"]
[White "Cheparinov, Ivan"]
[Black "Raznikov, Danny"]
[Result "1/2-1/2"]
[WhiteTitle "GM"]
[BlackTitle "IM"]
[WhiteElo "2706"]
[BlackElo "2474"]
[WhiteFideId "2905540"]
[BlackFideId "2811154"]
[EventDate "2013.03.09"]

1. e4 c6 2. d4 d5 3. e5 c5 4. dxc5 Nc6 5. Bb5 e6 6. Be3 Bd7 7. Bxc6 Bxc6 8. Nf3
Ne7 9. Nd4 Ng6 10. f4 Qd7 11. Nd2 Bxc5 12. N2b3 Bb6 13. O-O O-O 14. Qd2 Ne7 15.
Rae1 f6 16. Nf3 Bxe3+ 17. Rxe3 Nf5 18. Ree1 fxe5 19. Rxe5 Rae8 20. Nfd4 Qd6 21.
Rfe1 Nxd4 22. Nxd4 Bd7 23. g3 Rf6 24. R1e3 Rc8 25. h4 h6 26. c3 b5 27. a3 a5 28.
b4 axb4 29. axb4 Qa6 30. Nb3 Rc4 31. Nc5 Qa7 32. Kh2 Qc7 33. Nxe6 Rxe6 34. Rxe6
Bxe6 35. Rxe6 d4 36. Qe2 Qd7 37. Re8+ Kf7 38. Rh8 dxc3 39. Qh5+ Ke7 40. Qe5+ Kf7
41. Qh5+ Ke7 42. Rg8 Qd2+ 43. Kh3 Qd7+ 44. f5 Kd6 45. Qg6+ Ke5 46. Re8+ Kd5 47.
Re3 c2 48. Rd3+ Rd4 49. Rc3 Rc4 50. Rd3+ Rd4 1/2-1/2

[Event "Karpos Open 2013"]
[Site "Skopje MKD"]
[Date "2013.03.12"]
[Round "5.11"]
[White "Iturrizaga, Eduardo"]
[Black "Perunovic, Miodrag"]
[Result "1-0"]
[WhiteTitle "GM"]
[BlackTitle "IM"]
[WhiteElo "2650"]
[BlackElo "2445"]
[WhiteFideId "3901211"]
[BlackFideId "919993"]
[EventDate "2013.03.09"]

1. Nf3 Nf6 2. d4 e6 3. e3 b6 4. b3 Bb7 5. Bb2 c5 6. Nbd2 Be7 7. Bd3 O-O 8. O-O
Nc6 9. c4 cxd4 10. exd4 d5 11. Rc1 Rc8 12. Qe2 Re8 13. Rfd1 Bf8 14. a3 a5 15.
Nf1 g6 16. Ne3 Bg7 17. c5 Nd7 18. Bb5 Qe7 19. b4 axb4 20. Bxc6 Bxc6 21. axb4 Ba4
22. Re1 Qd8 23. Ra1 Ra8 24. Rec1 b5 25. Nd2 e5 26. Nf3 e4 27. Ne1 Nf8 28. Bc3
Ne6 29. Qa2 Nxd4 30. Qb2 Ne6 31. Bxg7 Nxg7 32. Qd4 Ne6 33. Qxd5 Nd4 34. Ra2 Qf6
35. Ng4 Qf4 36. Qxd4 Qxg4 37. Qe3 Rad8 38. h3 Qe6 39. Rd2 Bb3 40. Nc2 Rxd2 41.
Qxd2 Bxc2 42. Rxc2 Qc6 43. Qd4 Re6 44. Ra2 Re7 45. Rd2 Re6 46. Qd5 Qe8 47. Ra2
Kg7 48. Ra7 h5 49. Ra8 Qe7 50. Qd4+ f6 51. Rd8 Kh6 52. Rd7 Qe8 53. Rd6 h4 54. c6
Rxd6 55. Qxd6 e3 56. Kf1 exf2 57. Kxf2 Qe4 58. c7 Qc2+ 59. Kg1 Qc1+ 60. Kh2 f5
61. Qc5 1-0

[Event "Karpos Open 2013"]
[Site "Skopje MKD"]
[Date "2013.03.12"]
[Round "5.12"]
[White "Baron, Tal"]
[Black "Stevic, Hrvoje"]
[Result "1-0"]
[WhiteTitle "GM"]
[BlackTitle "GM"]
[WhiteElo "2465"]
[BlackElo "2620"]
[WhiteFideId "2809958"]
[BlackFideId "14502569"]
[EventDate "2013.03.09"]

1. e4 e5 2. Nf3 Nc6 3. Bb5 Bc5 4. c3 Nf6 5. d4 exd4 6. e5 Ne4 7. O-O d5 8. Nxd4
O-O 9. f3 Ng5 10. Kh1 Nxd4 11. cxd4 Bb6 12. Nc3 Ne6 13. Ne2 f6 14. f4 fxe5 15.
dxe5 g6 16. b3 Ng7 17. Ba3 Rf7 18. Ng3 Be6 19. Qd2 Qh4 20. Rac1 c6 21. Bd3 Re8
22. Bd6 Bf5 23. Nxf5 Nxf5 24. Bxf5 Rxf5 25. Rc3 Re6 26. Qe2 Rxf4 27. Rcf3 Qh5
28. h3 g5 29. Qe1 Rxf3 30. Rxf3 g4 31. Rf8+ Kg7 32. Qf1 h6 33. Rf5 Qg6 34. h4 g3
35. h5 Qe8 36. Qf3 Rxd6 37. Qxg3+ Kh8 38. exd6 Bc5 39. Qc3+ d4 40. Qxc5 Qe1+ 41.
Kh2 1-0

[Event "Karpos Open 2013"]
[Site "Skopje MKD"]
[Date "2013.03.12"]
[Round "5.13"]
[White "Sumets, Andrey"]
[Black "Arsovic, Goran"]
[Result "1-0"]
[WhiteTitle "GM"]
[BlackTitle "IM"]
[WhiteElo "2620"]
[BlackElo "2438"]
[WhiteFideId "14105500"]
[BlackFideId "901792"]
[EventDate "2013.03.09"]

1. d4 Nf6 2. c4 g6 3. Nc3 Bg7 4. e4 d6 5. h3 O-O 6. Bg5 c5 7. d5 e6 8. Bd3 exd5
9. cxd5 Re8 10. Nf3 c4 11. Bc2 b5 12. a3 Bd7 13. O-O a5 14. Re1 Na6 15. e5 dxe5
16. d6 h6 17. Bh4 g5 18. Bg3 e4 19. Nxe4 Nxe4 20. Bxe4 Rb8 21. Qc2 Nc5 22. Bh7+
Kh8 23. Re7 Be6 24. Ne5 1-0

[Event "Karpos Open 2013"]
[Site "Skopje MKD"]
[Date "2013.03.12"]
[Round "5.15"]
[White "Arnaudov, G. Petar"]
[Black "Parligras, Mircea-Emilian"]
[Result "1/2-1/2"]
[WhiteTitle "IM"]
[BlackTitle "GM"]
[WhiteElo "2468"]
[BlackElo "2616"]
[WhiteFideId "2907127"]
[BlackFideId "1204297"]
[EventDate "2013.03.09"]

1. d4 Nf6 2. c4 e6 3. Nc3 Bb4 4. e3 O-O 5. Bd3 c5 6. Nf3 b6 7. O-O Bb7 8. Na4
cxd4 9. a3 Be7 10. exd4 Qc7 11. Nc3 d5 12. cxd5 Nxd5 13. Bd2 Nd7 14. Re1 Rac8
15. Rc1 Nxc3 16. Rxc3 Qd8 17. Bb1 Rxc3 18. Bxc3 Nf6 19. Qd3 g6 20. Ne5 Qd5 21.
Qh3 Rc8 22. Bd3 b5 23. Be2 Ne4 24. Nxf7 Kxf7 25. Qxh7+ Ke8 26. Qxg6+ Kd7 27. Bg4
Rxc3 28. bxc3 Qa2 29. Qf7 Bd5 30. h4 Nxc3 31. h5 Ne4 32. Qf4 Bd6 33. Qf7+ Be7 1/2-1/2

[Event "Karpos Open 2013"]
[Site "Skopje MKD"]
[Date "2013.03.12"]
[Round "5.17"]
[White "Battaglini, Gabriel"]
[Black "Brkic, Ante"]
[Result "1/2-1/2"]
[WhiteTitle "IM"]
[BlackTitle "GM"]
[WhiteElo "2436"]
[BlackElo "2584"]
[WhiteFideId "621650"]
[BlackFideId "14506688"]
[EventDate "2013.03.09"]

1. d4 Nf6 2. c4 g6 3. Nc3 d5 4. Bg5 Bg7 5. Bxf6 Bxf6 6. cxd5 c5 7. dxc6 Bxd4 8.
cxb7 Bxb7 9. e3 Bxc3+ 10. bxc3 Qa5 11. Qb3 O-O 12. Nf3 Na6 13. Be2 Rab8 14. Qc2
Be4 15. Qc1 Rfc8 16. O-O Rxc3 17. Qd2 Rd8 18. Qe1 Nc5 19. Nd4 Ra3 20. Qxa5 Rxa5
21. Nb3 Nxb3 22. axb3 Rxa1 23. Rxa1 Rd7 1/2-1/2

[Event "Karpos Open 2013"]
[Site "Skopje MKD"]
[Date "2013.03.12"]
[Round "5.18"]
[White "Kohlweyer, Bernd"]
[Black "Palac, Mladen"]
[Result "1/2-1/2"]
[WhiteTitle "IM"]
[BlackTitle "GM"]
[WhiteElo "2458"]
[BlackElo "2572"]
[WhiteFideId "4600622"]
[BlackFideId "14500116"]
[EventDate "2013.03.09"]

1. d4 Nf6 2. c4 e6 3. Nc3 Bb4 4. Qc2 O-O 5. e4 d5 6. e5 Ne4 7. Bd3 c5 8. Nf3
cxd4 9. Nxd4 Nd7 10. Bf4 Ndc5 11. O-O Bxc3 12. bxc3 Bd7 13. Be2 Na4 14. cxd5
exd5 15. c4 Rc8 1/2-1/2

[Event "Karpos Open 2013"]
[Site "Skopje MKD"]
[Date "2013.03.12"]
[Round "5.19"]
[White "Sanal, Vahap"]
[Black "Malakhatko, Vadim"]
[Result "0-1"]
[WhiteTitle "IM"]
[BlackTitle "GM"]
[WhiteElo "2404"]
[BlackElo "2571"]
[WhiteFideId "6300545"]
[BlackFideId "14104202"]
[EventDate "2013.03.09"]

1. e4 e6 2. d4 d5 3. Nd2 c5 4. exd5 Qxd5 5. Ngf3 cxd4 6. Bc4 Qd8 7. O-O Nc6 8.
Nb3 a6 9. Nbxd4 Nxd4 10. Nxd4 Bd6 11. h3 Nf6 12. c3 O-O 13. Bd3 Qc7 14. Qf3 b6
15. Bg5 Bb7 16. Qe2 Nd7 17. Be4 Bxe4 18. Qxe4 h6 19. Be3 Nf6 20. Qf3 Nd5 21.
Rad1 Nxe3 22. Qxe3 Bc5 23. Qe4 Rad8 24. Nb3 Be7 25. a4 a5 26. Rfe1 Bf6 27. g3
Rd7 28. Na1 Rfd8 29. Rxd7 Rxd7 30. Nc2 Be7 31. Re2 Bc5 32. Kg2 Qd8 33. Ne3 Rd2
34. Nc4 Rxe2 35. Qxe2 Qd5+ 36. Kg1 Qc6 37. b3 Qd5 38. Nd2 Qf5 39. Ne4 Bf8 40.
Qd3 Qxh3 41. Qd4 Qf5 42. c4 Qf3 43. Nd2 Qe2 44. Qd8 Qd1+ 45. Kg2 Qc2 46. Nf3
Qxb3 47. Ne5 Qxa4 48. Qxb6 Qc2 49. Qc7 Qf5 50. c5 a4 51. Nd7 Qd5+ 52. Kh2 Qa8
53. c6 a3 54. Ne5 Qe8 55. Qa7 Bd6 0-1

[Event "Karpos Open 2013"]
[Site "Skopje MKD"]
[Date "2013.03.12"]
[Round "5.20"]
[White "Sandalakis, Angelos"]
[Black "Kuljasevic, Davorin"]
[Result "1/2-1/2"]
[BlackTitle "GM"]
[WhiteElo "2401"]
[BlackElo "2564"]
[WhiteFideId "4207645"]
[BlackFideId "14506661"]
[EventDate "2013.03.09"]

1. d4 Nf6 2. c4 e6 3. g3 d5 4. Nf3 Bb4+ 5. Nbd2 O-O 6. Bg2 b6 7. cxd5 exd5 8.
O-O Bb7 9. Ne5 Re8 10. Ndf3 Bd6 11. Bf4 h6 12. Nd3 c5 13. dxc5 bxc5 14. Qb3 Ba6
15. Bxd6 Qxd6 16. Qa3 Nbd7 17. e3 Qb6 18. Rfd1 Bb7 19. Rac1 Rac8 20. h4 a5 21.
Nf4 Nf8 22. Nd2 g5 23. hxg5 hxg5 24. Ne2 Ne6 25. Qb3 Qa6 26. Re1 Ba8 27. Qc2 d4
28. Bxa8 dxe3 29. fxe3 Rxa8 30. Qf5 Ng7 31. Qxg5 Rad8 32. Nf1 Rd5 33. Qf4 Rh5
34. Qf3 Ne4 35. Nf4 Rg5 36. Rcd1 Qb6 37. Re2 a4 38. Rg2 1/2-1/2

[Event "Karpos Open 2013"]
[Site "Skopje MKD"]
[Date "2013.03.12"]
[Round "5.22"]
[White "Kanmazalp, Ogulcan"]
[Black "Jumabayev, Rinat"]
[Result "0-1"]
[WhiteTitle "IM"]
[BlackTitle "GM"]
[WhiteElo "2372"]
[BlackElo "2554"]
[WhiteFideId "6304990"]
[BlackFideId "13702661"]
[EventDate "2013.03.09"]

1. e4 e5 2. Nf3 Nc6 3. Bb5 Nf6 4. O-O Nxe4 5. Re1 Nd6 6. Nxe5 Be7 7. Bf1 O-O 8.
d4 Nf5 9. Nf3 d5 10. c3 Bf6 11. Bd3 Nce7 12. Qc2 g6 13. Nbd2 b6 14. b4 Nd6 15.
a4 Bf5 16. Ne5 Re8 17. Ndf3 Bxd3 18. Nxd3 Nef5 19. Rxe8+ Nxe8 20. Bf4 Neg7 21.
Be5 Be7 22. Bxg7 Kxg7 23. Nde5 c5 24. Nc6 Qd6 25. Nxe7 Qxe7 26. Re1 Qd6 27. bxc5
bxc5 28. dxc5 Qxc5 29. Qd3 Rc8 30. Rd1 Ne7 31. Qe2 Ng8 32. h3 Nf6 33. Rd3 Qa3
34. Qc2 Rc4 35. Nd4 Qxa4 36. Qxa4 Rxa4 37. Nc2 Rc4 38. Ne3 Rc5 39. Kf1 Kf8 40.
Ke2 Ne4 41. c4 dxc4 42. Rd8+ Ke7 43. Rd4 Nd6 0-1

[Event "Karpos Open 2013"]
[Site "Skopje MKD"]
[Date "2013.03.12"]
[Round "5.23"]
[White "Dastan, Muhammed Batuhan"]
[Black "Saric, Ante"]
[Result "1-0"]
[WhiteTitle "FM"]
[BlackTitle "GM"]
[WhiteElo "2371"]
[BlackElo "2549"]
[WhiteFideId "6300014"]
[BlackFideId "14506254"]
[EventDate "2013.03.09"]

1. e4 e6 2. d4 d5 3. e5 c5 4. c3 Nc6 5. Nf3 Bd7 6. Be2 Nge7 7. O-O cxd4 8. cxd4
Nf5 9. Nc3 Rc8 10. a3 Be7 11. Bd3 g6 12. Ne2 Qb6 13. Kh1 h5 14. b4 a5 15. bxa5
Nxa5 16. Rb1 Qa7 17. Bg5 Bxg5 18. Nxg5 Nc4 19. Bxf5 gxf5 20. Nf4 Ba4 21. Qd3 h4
22. Nxd5 exd5 23. Qxf5 Rc7 24. e6 fxe6 25. Qxe6+ Kd8 26. Qf6+ Re7 27. Ne6+ Ke8
28. Qxh8+ 1-0

[Event "Karpos Open 2013"]
[Site "Skopje MKD"]
[Date "2013.03.12"]
[Round "5.24"]
[White "Mikhalevski, Victor"]
[Black "Hadzimanolis, Antonios"]
[Result "1-0"]
[WhiteTitle "GM"]
[BlackTitle "FM"]
[WhiteElo "2548"]
[BlackElo "2289"]
[WhiteFideId "2801914"]
[BlackFideId "4202813"]
[EventDate "2013.03.09"]

1. c4 Nf6 2. Nc3 e5 3. g3 d6 4. Bg2 Be7 5. Nf3 c6 6. O-O O-O 7. h3 h6 8. e4 Be6
9. b3 b5 10. d3 b4 11. Ne2 a5 12. Nh4 Qc8 13. Kh2 Nh7 14. Nf5 Bxf5 15. exf5 Qxf5
16. a3 Ra6 17. axb4 axb4 18. Rxa6 Nxa6 19. Bxc6 Ng5 20. g4 Qc8 21. Bg2 f5 22. f4
Nh7 23. gxf5 Rxf5 24. d4 exd4 25. Nxd4 Rf8 26. Ne6 Re8 27. f5 Kh8 28. Bb2 Nf6
29. Nxg7 Kxg7 30. Qg4+ Kf8 31. Qg6 1-0

[Event "Karpos Open 2013"]
[Site "Skopje MKD"]
[Date "2013.03.12"]
[Round "5.25"]
[White "Vujic, Mihailo"]
[Black "Nevednichy, Vladislav"]
[Result "0-1"]
[WhiteTitle "FM"]
[BlackTitle "GM"]
[WhiteElo "2361"]
[BlackElo "2548"]
[WhiteFideId "918873"]
[BlackFideId "1205730"]
[EventDate "2013.03.09"]

1. e4 g6 2. d4 Bg7 3. c3 d6 4. Nf3 Nf6 5. Bd3 O-O 6. O-O Nc6 7. h3 e5 8. Na3 h6
9. Re1 a6 10. Be3 Re8 11. d5 Ne7 12. c4 Nd7 13. Nh2 f5 14. f3 f4 15. Bf2 a5 16.
Bc2 g5 17. Ba4 b6 18. b3 Kf7 19. Nc2 Rh8 20. Bxd7 Bxd7 21. a3 h5 22. b4 Ng8 23.
c5 bxc5 24. bxc5 Nf6 25. cxd6 cxd6 26. Rb1 g4 27. fxg4 hxg4 28. hxg4 Qc8 29. g5
Ng4 30. Nxg4 Bxg4 31. Qd3 Rh5 32. Rb6 Qh8 33. Kf1 Rxg5 34. Rxd6 Qh1+ 35. Bg1 f3
36. Ne3 fxg2+ 37. Nxg2 Rf8 38. Kf2 Ke7+ 39. Ke3 Rf3+ 40. Kd2 Qxg2+ 0-1

[Event "Karpos Open 2013"]
[Site "Skopje MKD"]
[Date "2013.03.12"]
[Round "5.26"]
[White "Popilski, Gil"]
[Black "Koksal, Ege"]
[Result "1-0"]
[WhiteTitle "GM"]
[BlackTitle "CM"]
[WhiteElo "2520"]
[BlackElo "2220"]
[WhiteFideId "2809060"]
[BlackFideId "6317626"]
[EventDate "2013.03.09"]

1. e4 e5 2. Nf3 Nc6 3. Bb5 a6 4. Ba4 Nf6 5. O-O Be7 6. Re1 b5 7. Bb3 d6 8. c3
O-O 9. d4 Bg4 10. d5 Na5 11. Bc2 c6 12. h3 Bh5 13. dxc6 Qc7 14. Nbd2 Qxc6 15.
Nf1 Rfe8 16. Ng3 Bg6 17. Nh4 Nc4 18. Nhf5 Bf8 19. Qf3 d5 20. a4 Bxf5 21. exd5
Qxd5 22. Qxf5 Nd6 23. Qg5 h6 24. Qh4 Rac8 25. Nh5 Nxh5 26. Qxh5 g6 27. Qe2 Bg7
28. axb5 axb5 29. Ra6 Rc6 30. Ra7 b4 31. Ba4 bxc3 32. Bxc6 Qxc6 33. Ra6 Qc7 34.
bxc3 Nf5 35. Qb5 Rc8 36. Ba3 h5 37. Bb4 Kh7 38. Rb6 Qd8 39. Rb7 Qg5 40. Rxf7 Nh4
41. Qb7 Rg8 42. Be7 Qd2 43. Qe4 Nf5 44. Rxf5 gxf5 45. Qxf5+ Kh8 46. Qxh5+ Bh6
47. Bf6+ Kh7 48. Rd1 1-0

[Event "Karpos Open 2013"]
[Site "Skopje MKD"]
[Date "2013.03.12"]
[Round "5.27"]
[White "Atakisi, Umut"]
[Black "Mastrovasilis, Athanasios"]
[Result "1/2-1/2"]
[WhiteTitle "IM"]
[BlackTitle "GM"]
[WhiteElo "2328"]
[BlackElo "2497"]
[WhiteFideId "6301037"]
[BlackFideId "4201990"]
[EventDate "2013.03.09"]

1. e4 e5 2. Nf3 Nc6 3. Bb5 a6 4. Ba4 Nf6 5. O-O b5 6. Bb3 Bc5 7. c3 d6 8. d4 Bb6
9. a4 Rb8 10. axb5 axb5 11. Na3 O-O 12. Nxb5 Bg4 13. Bc2 exd4 14. Nbxd4 Nxd4 15.
cxd4 Re8 16. e5 dxe5 17. dxe5 Qxd1 18. Bxd1 Bxf3 19. Bxf3 Rxe5 20. Ra4 Rbe8 21.
Bd2 Ne4 22. Bxe4 Rxe4 23. Rxe4 Rxe4 24. Re1 Rxe1+ 25. Bxe1 1/2-1/2

[Event "Karpos Open 2013"]
[Site "Skopje MKD"]
[Date "2013.03.12"]
[Round "5.29"]
[White "Petrov, Georgi"]
[Black "Tratar, Marko"]
[Result "1-0"]
[BlackTitle "GM"]
[WhiteElo "2200"]
[BlackElo "2512"]
[WhiteFideId "15001440"]
[BlackFideId "14600684"]
[EventDate "2013.03.09"]

1. Nf3 Nf6 2. c4 e6 3. Nc3 Bb4 4. Qc2 O-O 5. a3 Bxc3 6. Qxc3 d6 7. e3 e5 8. d3
Re8 9. Be2 c5 10. O-O Nc6 11. b4 Bg4 12. Bb2 d5 13. cxd5 cxb4 14. axb4 Nxd5 15.
Qc4 Be6 16. Qb5 Qd7 17. Qa4 f6 18. b5 Nce7 19. d4 e4 20. Nd2 Nb6 21. Qa5 Bg4 22.
Bxg4 Qxg4 23. Qa2+ Ned5 24. Nc4 Nxc4 25. Qxc4 Qe6 26. Rfc1 Kf7 27. Ba3 Rec8 28.
Qe2 Kg6 29. Qa2 b6 30. h3 h5 31. Qb3 Kf7 32. Rab1 h4 33. Kf1 Rc7 34. Qd1 Qf5 35.
Rxc7+ Nxc7 36. Bd6 Nd5 37. Kg1 g6 38. Rc1 Rc8 39. Rc6 a5 40. Qb3 Ra8 41. Rxb6 a4
42. Rb7+ Kg8 43. Qa2 Qe6 44. Rb8+ Rxb8 45. Bxb8 Nf4 46. Qxa4 Nd3 47. Bc7 Kg7 48.
b6 Qf5 49. Qc2 Qa5 50. b7 Qe1+ 51. Kh2 Qf1 52. b8=Q Ne1 53. Qxe4 1-0

[Event "Karpos Open 2013"]
[Site "Skopje MKD"]
[Date "2013.03.12"]
[Round "5.30"]
[White "Kozul, Zdenko"]
[Black "Posedaru, Bogdan"]
[Result "1-0"]
[WhiteTitle "GM"]
[BlackTitle "FM"]
[WhiteElo "2608"]
[BlackElo "2337"]
[WhiteFideId "14502879"]
[BlackFideId "1213610"]
[EventDate "2013.03.09"]

1. d4 Nf6 2. c4 g6 3. Nc3 Bg7 4. e4 d6 5. h3 O-O 6. Bg5 Na6 7. Nf3 Qe8 8. Bd3 e5
9. d5 Nc5 10. Bc2 a5 11. g4 Kh8 12. Qd2 Bd7 13. a4 Ng8 14. Nb5 Qc8 15. Be3 b6
16. O-O-O f5 17. gxf5 gxf5 18. Bxc5 bxc5 19. Ng5 fxe4 20. Bxe4 Rf4 21. f3 Nf6
22. Rdg1 Nxe4 23. fxe4 h6 24. Ne6 Bxe6 25. dxe6 Qxe6 26. Qd3 Qf7 27. Rg3 Bf6 28.
Kb1 Rf8 29. Rhg1 Bg5 30. Ka2 Qh7 31. Nc3 Rb8 32. R1g2 Rbf8 33. Qe2 Qf7 34. Nd5
c6 35. Nxf4 exf4 36. Rf3 Qf6 37. Qd3 Qe5 38. Rd2 Re8 39. Re2 Rf8 40. Qb3 Qd4 41.
Rd3 Qe5 42. Rd1 Bf6 43. Red2 Bg7 44. Rxd6 Qxe4 45. Rd8 Rxd8 46. Rxd8+ Kh7 47.
Qd3 Qxd3 48. Rxd3 Kg6 49. Kb1 Kf5 50. Kc2 Bd4 51. b4 1-0

[Event "Karpos Open 2013"]
[Site "Skopje MKD"]
[Date "2013.03.12"]
[Round "5.31"]
[White "Solodovnichenko, Yuri"]
[Black "Ali Marandi, Cemil Can"]
[Result "1/2-1/2"]
[WhiteTitle "GM"]
[BlackTitle "FM"]
[WhiteElo "2559"]
[BlackElo "2371"]
[WhiteFideId "14104369"]
[BlackFideId "6300529"]
[EventDate "2013.03.09"]

1. e4 e6 2. d4 d5 3. Nc3 Nf6 4. e5 Nfd7 5. f4 c5 6. Nf3 Nc6 7. Be3 a6 8. Qd2 b5
9. a3 g5 10. fxg5 cxd4 11. Nxd4 Ndxe5 12. Be2 Na5 13. b3 h6 14. Nf3 Nxf3+ 15.
Bxf3 hxg5 16. O-O Qc7 17. h3 Bb7 18. Bxg5 Bg7 19. Nxd5 Bxd5 20. Bxd5 Qc5+ 21.
Kh1 Qxd5 22. Qxd5 exd5 23. Rae1+ Kf8 24. Re7 Kg8 25. Rfxf7 Rh7 26. Rd7 Rf8 27.
Rxf8+ Bxf8 28. Rxd5 Nc6 29. a4 Nb4 30. Rd8 Nxc2 31. Ra8 bxa4 32. bxa4 Nb4 33.
Bd2 Nd3 34. Kh2 Nc5 35. g4 Nxa4 36. Bb4 Rf7 37. Bxf8 Rxf8 1/2-1/2

[Event "Karpos Open 2013"]
[Site "Skopje MKD"]
[Date "2013.03.12"]
[Round "5.32"]
[White "Djukic, Nikola"]
[Black "Tesik, Csaba"]
[Result "1-0"]
[WhiteTitle "GM"]
[BlackTitle "FM"]
[WhiteElo "2545"]
[BlackElo "2366"]
[WhiteFideId "922412"]
[BlackFideId "735582"]
[EventDate "2013.03.09"]

1. e4 e5 2. Nf3 Nc6 3. Bb5 a6 4. Ba4 Nf6 5. O-O Be7 6. Re1 b5 7. Bb3 d6 8. c3
O-O 9. h3 h6 10. d4 Re8 11. Nbd2 Bf8 12. Nf1 Bb7 13. Ng3 Na5 14. Bc2 Nc4 15. b3
Nb6 16. Bd2 g6 17. Bd3 Bg7 18. d5 c6 19. c4 Nbd7 20. Rc1 bxc4 21. bxc4 Nc5 22.
Bc2 Nfd7 23. Be3 Qe7 24. Nd2 Rec8 25. Nb3 cxd5 26. cxd5 Qd8 27. Qd2 h5 28. Na5
Rab8 29. Rb1 Qc7 30. Rec1 Bf6 31. Ba4 Ba8 32. Rxb8 Qxb8 33. Bxd7 Nxd7 34. Nc6
Bxc6 35. dxc6 Nf8 36. Qd3 a5 37. Qa6 Bd8 38. Ne2 Qc7 39. Rc4 f5 40. Nc3 Ne6 41.
Nb5 Qb8 42. Nxd6 1-0

[Event "Karpos Open 2013"]
[Site "Skopje MKD"]
[Date "2013.03.12"]
[Round "5.33"]
[White "Stefanova, Antoaneta"]
[Black "Zupe, Miran"]
[Result "1-0"]
[WhiteTitle "GM"]
[BlackTitle "IM"]
[WhiteElo "2530"]
[BlackElo "2308"]
[WhiteFideId "2902257"]
[BlackFideId "14600277"]
[EventDate "2013.03.09"]

1. d4 Nf6 2. Nf3 c6 3. c4 d5 4. e3 e6 5. Qc2 Nbd7 6. Bd3 Bd6 7. O-O O-O 8. Nbd2
Qe7 9. e4 dxe4 10. Nxe4 Nxe4 11. Bxe4 Nf6 12. Bg5 h6 13. Bh4 Qd8 14. Rad1 Be7
15. Bd3 b6 16. Qe2 Bb7 17. Bb1 Nd7 18. Bg3 Re8 19. h4 Nf8 20. Ne5 Bf6 21. Qh5
Qe7 22. Ng4 Red8 23. c5 Rd5 24. Nxf6+ Qxf6 25. Be5 Qe7 26. Be4 Rd7 27. Bd6 Rxd6
28. cxd6 Qxd6 29. Qe5 Rd8 30. h5 Nh7 31. f4 Nf6 32. Bf3 Nd5 33. g3 Qxe5 34. dxe5
Kf8 35. Be4 Ke7 36. Rf3 c5 37. Re1 Bc6 38. a3 Bb5 39. Rf2 Nc7 40. g4 Bd3 41. Rd2
Bxe4 42. Rxd8 Kxd8 43. Rxe4 Kd7 44. Kf2 Nd5 45. Kf3 b5 46. Re1 c4 47. Ke4 Ke7
48. Rf1 a5 49. Rc1 Nb6 50. Kd4 Na4 51. Rc2 f6 52. b3 cxb3 53. Rc7+ Kf8 54. Rb7
fxe5+ 55. fxe5 b4 56. axb4 axb4 57. Rxb4 b2 58. Kd3 Nc5+ 59. Kc2 g6 60. Rxb2
gxh5 61. gxh5 Ne4 62. Rb8+ Kg7 63. Rb7+ Kg8 64. Re7 Ng5 65. Kd3 Kf8 66. Ra7 Nf3
67. Ke4 Ng5+ 68. Ke3 Kg8 69. Ra3 Kf8 70. Kd4 1-0

[Event "Karpos Open 2013"]
[Site "Skopje MKD"]
[Date "2013.03.12"]
[Round "5.35"]
[White "Dinev, Dejan"]
[Black "Grigorov, Grigor"]
[Result "0-1"]
[WhiteTitle "FM"]
[BlackTitle "GM"]
[WhiteElo "2357"]
[BlackElo "2516"]
[WhiteFideId "15000095"]
[BlackFideId "2907313"]
[EventDate "2013.03.09"]

1. e4 c5 2. Nf3 d6 3. d4 cxd4 4. Nxd4 Nf6 5. Nc3 e6 6. Be2 Nc6 7. Be3 Be7 8. Qd2
a6 9. O-O-O Qc7 10. h3 O-O 11. f4 Nxd4 12. Qxd4 e5 13. Qc4 Qb8 14. a4 Bd7 15. a5
Rc8 16. Qb4 exf4 17. Bb6 Re8 18. Qd4 Bc6 19. Bf3 Bf8 20. Nd5 Bxd5 21. exd5 Nd7
22. Rhe1 g6 23. Qxf4 Nxb6 24. axb6 Rxe1 25. Rxe1 Qd8 26. Qe3 a5 27. Be2 Qh4 28.
Kd1 Bh6 29. Qc3 Qf4 30. Bb5 Qg5 31. Qd3 Rc8 32. c4 Qxg2 33. Re2 Qg1+ 34. Re1
Qxb6 35. Re7 Rf8 36. Qe2 Qd4+ 37. Kc2 Bg7 38. Kb3 b6 39. Re4 Qc5 40. h4 h5 41.
Qg2 Be5 42. Ka2 Ra8 43. Bc6 Ra7 44. Qg5 Qb4 45. Rxe5 dxe5 46. Qd8+ Kh7 47. Bb5
a4 0-1